| 000 | 00424nam a2200181Ia 4500 | ||
|---|---|---|---|
| 001 | 1616 | ||
| 005 | 20260306143741.0 | ||
| 008 | 260306t1998||||xx |||||||||||||| ||spa|| | ||
| 041 | _aESP | ||
| 082 |
_a153.4 _bH22 |
||
| 100 |
_aHardy Leahey, Thomás _eAUT |
||
| 245 | 0 | _aAprendizaje y cognición | |
| 260 | _c1998 | ||
| 300 |
_axi, 561 páginas : _c24 cm. |
||
| 650 | _aGEN | ||
| 654 | _aCPS | ||
| 942 |
_cLIB _dJUS _fJUS _2ddc _n |
||
| 999 |
_c1616 _d1616 |
||